000
00324nam a22001337a 4500
008
250811b |||||||| |||| 00| 0 eng d
020
_a
9780538743525
050
_a
HD 58.9
_b
.W55
100
_a
WILLIAM CHUCK
245
_a
MGMT: PRINCIPLE OF MANAGEMENT
260
_a
USA
_b
SOUTH-WESTERN
_c
2011
300
_a
368p.
942
_c
BK
999
_c
4453
_d
4453